|
|
|
|
| LEADER |
04104 a2200373 4500 |
| 008 |
160808b xxu||||| |||| 00| 0 eng d |
| 082 |
|
|
|a 539.72 NEE/P
|2 2nd
|
| 100 |
|
|
|a Ne'eman, Yuval ; Kirsh, Yoram.
|
| 245 |
|
|
|a Particle hunters/
|c by Yuval Ne'eman and Yoram Kirsh
|
| 260 |
|
|
|a Cambridge
|b CUP
|c 1996
|
| 942 |
|
|
|c BK
|
| 999 |
|
|
|c 167876
|d 167876
|
| 952 |
|
|
|0 0
|1 0
|2 ddc
|4 0
|6 539_720000000000000_NEE_P
|7 0
|9 185623
|a PHY
|b PHY
|c ST1
|d 2010-07-17
|i 3307
|l 8
|m 0
|o 539.72 NEE/P
|p PHY3307
|r 2016-01-23
|s 2015-06-10
|w 2010-07-17
|y BK
|
| 952 |
|
|
|0 0
|1 0
|2 ddc
|4 0
|6 539_720000000000000_NEE_P
|7 0
|9 185624
|a PHY
|b PHY
|c ST1
|d 2010-07-17
|i 3308
|l 10
|m 3
|o 539.72 NEE/P
|p PHY3308
|r 2021-11-01
|s 2020-12-17
|w 2010-07-17
|y BK
|
| 952 |
|
|
|0 0
|1 0
|2 ddc
|4 0
|6 539_720000000000000_NEE_P
|7 0
|9 185625
|a PHY
|b PHY
|c ST1
|d 2010-07-17
|i 3323
|l 8
|m 1
|o 539.72 NEE/P
|p PHY3323
|r 2021-10-11
|s 2020-11-27
|w 2010-07-17
|y BK
|
| 952 |
|
|
|0 0
|1 0
|2 ddc
|4 0
|6 539_720000000000000_NEE_P
|7 0
|9 185626
|a PHY
|b PHY
|c ST1
|d 2010-07-17
|i 3325
|l 13
|m 5
|o 539.72 NEE/P
|p PHY3325
|r 2021-07-07
|s 2020-11-13
|w 2010-07-17
|y BK
|
| 952 |
|
|
|0 0
|1 0
|2 ddc
|4 0
|6 539_720000000000000_NEE_P
|7 0
|9 185627
|a PHY
|b PHY
|c ST1
|d 2010-07-17
|i 3327
|l 9
|m 3
|o 539.72 NEE/P
|p PHY3327
|r 2021-07-07
|s 2020-07-11
|w 2010-07-17
|y BK
|
| 952 |
|
|
|0 0
|1 0
|2 ddc
|4 0
|6 539_720000000000000_NEE_P
|7 0
|9 185628
|a PHY
|b PHY
|c ST1
|d 2010-07-17
|i 4353
|l 10
|m 2
|o 539.72 NEE/P
|p PHY4353
|r 2021-11-05
|s 2020-11-13
|w 2010-07-17
|y BK
|
| 952 |
|
|
|0 0
|1 0
|2 ddc
|4 0
|6 539_720000000000000_NEE_P
|7 0
|9 185629
|a PHY
|b PHY
|c ST1
|d 2010-07-17
|i 4354
|l 11
|m 0
|o 539.72 NEE/P
|p PHY4354
|r 2021-09-23
|s 2020-12-17
|w 2010-07-17
|y BK
|
| 952 |
|
|
|0 0
|1 0
|2 ddc
|4 0
|6 539_720000000000000_NEE_P
|7 0
|9 185630
|a PHY
|b PHY
|c ST1
|d 2010-07-24
|i 3007
|l 6
|m 4
|o 539.72 NEE/P
|p PHY3007
|r 2021-07-01
|s 2021-03-10
|w 2010-07-24
|y BK
|
| 952 |
|
|
|0 0
|1 0
|2 ddc
|4 0
|6 539_720000000000000_NEE_P
|7 0
|9 185631
|a PHY
|b PHY
|c ST1
|d 2010-08-12
|i 4259
|l 11
|m 4
|o 539.72 NEE/P
|p PHY4259
|r 2021-07-05
|s 2020-07-11
|w 2010-08-12
|y BK
|
| 952 |
|
|
|0 0
|1 0
|2 ddc
|4 0
|6 539_720000000000000_NEE_P
|7 0
|9 185632
|a PHY
|b PHY
|c ST1
|d 2010-09-28
|i 3324
|l 11
|m 3
|o 539.72 NEE/P
|p PHY3324
|r 2021-07-07
|s 2020-12-17
|w 2010-09-28
|y BK
|
| 952 |
|
|
|0 0
|1 0
|2 ddc
|4 0
|6 539_720000000000000_NEE_P
|7 0
|9 185633
|a PHY
|b PHY
|c ST1
|d 2010-10-01
|i 3326
|l 9
|m 5
|o 539.72 NEE/P
|p PHY3326
|q 2021-01-16
|r 2018-08-29
|s 2018-08-29
|w 2010-10-01
|y BK
|
| 952 |
|
|
|0 0
|1 0
|2 ddc
|4 0
|6 539_720000000000000_NEE_P
|7 0
|9 185634
|a PHY
|b PHY
|c ST1
|d 2010-10-12
|i 4355
|l 8
|m 2
|o 539.72 NEE/P
|p PHY4355
|r 2021-07-05
|s 2020-07-14
|w 2010-10-12
|y BK
|
| 952 |
|
|
|0 0
|1 0
|2 ddc
|4 0
|6 539_720000000000000_NEE_P
|7 0
|9 185635
|a PHY
|b PHY
|c ST1
|d 2010-10-21
|g 0.00
|i 4454
|l 8
|m 3
|o 539.72 NEE/P
|p PHY4454
|r 2021-07-07
|s 2021-03-01
|w 2010-10-21
|y BK
|
| 952 |
|
|
|0 0
|1 0
|2 ddc
|4 0
|6 539_720000000000000_NEE_P
|7 0
|9 185636
|a PHY
|b PHY
|c ST1
|d 2010-10-21
|g 0.00
|i 4461
|l 10
|m 3
|o 539.72 NEE/P
|p PHY4461
|r 2021-07-01
|s 2020-07-11
|w 2010-10-21
|y BK
|
| 952 |
|
|
|0 0
|1 0
|2 ddc
|4 0
|6 539_720000000000000_NEE_P
|7 0
|9 185637
|a PHY
|b PHY
|c ST1
|d 2010-10-21
|g 0.00
|i 4462
|l 7
|m 0
|o 539.72 NEE/P
|p PHY4462
|q 2017-12-17
|r 2018-08-29
|s 2018-08-29
|w 2010-10-21
|y BK
|
| 952 |
|
|
|0 0
|1 0
|2 ddc
|4 0
|6 539_720000000000000_NEE_P
|7 0
|9 185638
|a PHY
|b PHY
|c ST1
|d 2010-10-21
|g 0.00
|i 4463
|l 13
|m 3
|o 539.72 NEE/P
|p PHY4463
|r 2021-09-24
|s 2021-03-01
|w 2010-10-21
|y BK
|
| 952 |
|
|
|0 0
|1 0
|2 ddc
|4 0
|6 539_720000000000000_NEE_P
|7 0
|9 185639
|a PHY
|b PHY
|c ST1
|d 2010-10-21
|g 0.00
|i 4464
|l 12
|m 3
|o 539.72 NEE/P
|p PHY4464
|r 2021-04-08
|s 2020-10-14
|w 2010-10-21
|y BK
|
| 952 |
|
|
|0 0
|1 0
|2 ddc
|4 0
|6 539_720000000000000_NEE_P
|7 0
|9 185640
|a PHY
|b PHY
|c ST1
|d 2010-10-21
|g 0.00
|i 4465
|l 10
|m 1
|o 539.72 NEE/P
|p PHY4465
|r 2021-07-05
|s 2020-11-13
|w 2010-10-21
|y BK
|
| 952 |
|
|
|0 0
|1 0
|2 ddc
|4 0
|6 539_720000000000000_NEE_P
|7 0
|9 185641
|a PHY
|b PHY
|c ST1
|d 2010-12-07
|i 3306
|l 10
|m 3
|o 539.72 NEE/P
|p PHY3306
|r 2021-09-23
|s 2020-12-18
|w 2010-12-07
|y BK
|
| 952 |
|
|
|0 0
|1 0
|2 ddc
|4 0
|6 539_720000000000000_NEE_P
|7 0
|9 185642
|a PHY
|b PHY
|c ST1
|d 2012-04-07
|i 4688
|l 9
|m 3
|o 539.72 NEE/P
|p PHY4688
|r 2021-07-07
|s 2021-03-01
|w 2012-04-07
|y BK
|
| 952 |
|
|
|0 0
|1 0
|2 ddc
|4 0
|6 539_720000000000000_NEE_P
|7 0
|9 185643
|a PHY
|b PHY
|c ST1
|d 2012-04-09
|i 4778
|l 7
|m 2
|o 539.72 NEE/P
|p PHY4778
|r 2021-09-20
|s 2021-03-01
|w 2012-04-09
|y BK
|
| 952 |
|
|
|0 0
|1 0
|2 ddc
|4 0
|6 539_720000000000000_NEE_P
|7 0
|9 185644
|a PHY
|b PHY
|c ST1
|d 2012-04-10
|i 4838
|l 8
|m 4
|o 539.72 NEE/P
|p PHY4838
|r 2021-10-11
|s 2021-01-04
|w 2012-04-10
|y BK
|